000 01252naa a22003137a 4500
001 BR8004807
003 BR-BrBNA
005 20240918174641.0
007 ta
008 230509b bl.||||| |||| 00| 0 por d
040 _aBR-BrBNA
_bpor
_cBiblioteca Nacional de Agricultura
041 _a(Pt)
072 _aP12
_b/G514
_bGZ35
090 _aP12 BR8004807
100 1 _aFonseca, A.M.M. da C.C. e
111 1 _a5. Congresso Nacional de Irrigacao e Drenagem
_cSao Paulo, SP (Brazil)
_d29 Sep 1980
245 1 _aObras contra inundacoes: adequacao de projetos executivos a condicionamentos geotecnicos [controle de inundacao, estrutura hidraulica, bacia hidrografica, Rio de Janeiro, Brasil]
260 3 _aSao Paulo, SP (Brasil):
_c1980.
500 _aAnais do 5. Congresso Nacional de Irrigacao e Drenagem Sao Paulo, SP (Brasil): 1980. p. 288-334 (BR8004807-AM)P12
650 _aINUNDACAO
650 _aBACIA HIDROGRAFICA
650 _aGEOLOGIA
650 _aCONTROLE DE INUNDACAO
650 _aESTRUTURA HIDRAULICA
650 _aRIO DE JANEIRO
773 0 _tAnais do 5. Congresso Nacional de Irrigacao e Drenagem
_b
_wP12 BR8004807
_gSao Paulo, SP (Brasil), 1980. p. 288-334
909 _a202404
_bLucia
_c55
_dLucia Elande
942 _cAM
_2AGRIS
999 _c312609
_d312609